Filmographie de Jean Dujardin - Statistiques

Statistiques générales
  • Ce quiz a été pris 127 fois
  • Le résultat moyen est 13 sur 46
Statistiques - réponses
Réponse % Correct
Brice de Nice
85%
OSS 117 : Rio ne répond plus
78%
The Artist
78%
OSS 117 : Le Caire, nid d'espions
70%
Les Petits mouchoirs
66%
Les Infidèles
59%
Le Loup de Wall Street
58%
OSS 117 : Alerte rouge en Afrique Noire
56%
Brice 3
51%
La French
51%
Novembre
49%
Un homme à la hauteur
47%
Le Daim
38%
Lucky Luke
38%
Monuments Men
37%
99 francs
31%
Contre-enquête
31%
J'accuse
31%
Le Bruit des glaçons
30%
Sur les chemins noirs
30%
Le Retour du héros
27%
Nous finirons ensemble
27%
Un balcon sur la mer
25%
Le Convoyeur
24%
Mobius
24%
Cash
23%
Mariages !
20%
Bienvenue chez les Rozes
18%
Les Dalton
16%
Un plus une
14%
I Feel Good
12%
Présidents
11%
Un homme et son chien
11%
Il ne faut jurer de rien !
9%
Ah ! Si j'étais riche
8%
L'Amour aux trousses
8%
9 mois ferme
5%
Chacun sa vie
5%
Effacer l'historique
4%
Les Gardiennes de la planète
4%
La vie de Michel Muller est plus belle que la vôtre
2%
Les Clefs de bagnole
2%
Sahara
2%
Toutes les filles sont folles
2%
Cherche fiancé tous frais payés
1%
Heliphone
0%
Aucun quiz correspondant
Distribution des résultats
% des personnes avec chaque résultat
Percentile par nombre de réponses
Votre historique - résultats
Vous n’avez pas pris ce quiz